| 000 | 00917nam a2200241Ia 4500 | ||
|---|---|---|---|
| 003 | GCL | ||
| 008 | 140319s9999 xx 000 0 ara d | ||
| 040 |
_aGCL / _cGCL |
||
| 082 | 0 | 4 |
_aق _b920.71 _bق ث |
| 100 | 1 | _aقدرى قلعجى | |
| 245 | 1 | 0 |
_aثلاثة من اعلام الحرية جمال الدين الافغانى\ محمد عبده\ سعد زغلول / _cقدرى قلعجى |
| 260 |
_a[S.N] : _bشركة المطبوعات للتوزيع والنشر ، _c1993 |
||
| 300 | _a497 ص | ||
| 490 | _a | ||
| 650 | 0 | 4 | _aالعصر الحديث |
| 650 | 0 | 4 | _aمصر |
| 650 | 0 | 4 | _aالاحوال السياسية |
| 650 | 0 | 4 | _aالاحوال الثقافية |
| 650 | 0 | 4 | _aالاحتلال البريطانى |
| 650 | 0 | 4 | _aمصر - تاريخ - العصر الحديث - ثورة 1919 |
| 650 | 0 | 4 | _aمصر - تاريخ - العصر الحديث - الثورة العرابية |
| 942 |
_2ddc _cBK |
||
| 999 |
_c52965 _d52965 |
||